Prépositions - Mort subite - Statistiques

Statistiques générales
  • Ce quiz a été pris 137 fois
    100 depuis la dernière actualisation
  • Le résultat moyen est 6 sur 15
Answers on the Grid
Answers color-coded by a green-red scale on the quiz's grid according to % correct below.
si
lequel
dont
même
a
antre
est
vert
deux
sûr
lors
quand
comme
mais
ou
et
donc
or
ni
car
à
dans
par
pour
en
vers
avec
après
avant
entre
pendant
sans
sous
sur
dès
 
Statistiques - réponses
Réponse % Correct
par
75%
dans
71%
pour
71%
à
63%
en
54%
vers
50%
sous
46%
sur
46%
avec
42%
sans
42%
entre
17%
avant
13%
après
8%
pendant
8%
dès
4%
Aucun quiz correspondant
Distribution des résultats
% des personnes avec chaque résultat
Percentile par nombre de réponses
Votre historique - résultats
Vous n’avez pas pris ce quiz depuis la dernière actualisation